Tottenham Hotspur Squad 2017-2018 - Statistics

General Stats
  • This quiz has been taken 3,865 times
    3,837 since last reset
  • The average score is 20 of 25
Answer Stats
Nbr Post Nationality Player % Correct
1 GK France Hugo Lloris
99%
10 FW England Harry Kane
98%
7 FW South Korea Heung-Min Son
98%
23 MF Denmark Christian Eriksen
89%
5 DF Belgium Jan Vertonghen
89%
6 DF Colombia Davinson Sanchez
88%
11 FW Argentina Erik Lamela
87%
15 MF England Eric Dier
85%
3 DF England Danny Rose
84%
4 DF Belgium Toby Alderweireld
84%
20 MF England Dele Alli
83%
33 DF Wales Ben Davies
82%
12 MF Kenya Victor Wanyama
81%
19 MF Belgium Mousa Dembélé
80%
2 DF England Kieran Trippier
79%
17 MF France Moussa Sissoko
79%
- Coach Argentina Mauricio Pochettino
77%
13 GK Netherlands Michel Vorm
76%
24 DF Ivory Coast Serge Aurier
73%
29 MF England Harry Winks
72%
18 FW Spain Fernando Llorente
70%
37 DF England Kyle Walker-Peters
69%
22 GK Argentina Paulo Gazzaniga
64%
21 DF Argentina Juan Foyth
58%
14 FW France Georges-Kevin Nkoudou
43%
No matching quizzes found
Score Distribution
Percent of People with Each Score
Percentile by Number Answered
Your Score History
You have not taken this quiz since the last reset